The Legend of Zelda: Skyward Sword - Dungeons - Statistics

General Stats
  • This quiz has been taken 65 times
  • The average score is 6 of 8
Answer Stats
Answer % Correct
Sandship
90%
Earth Temple
87%
Skyview Temple
87%
Ancient Cistern
85%
Fire Sanctuary
73%
Sky Keep
65%
Lanayru Mining Facility
62%
Pirate Stronghold
25%
No matching quizzes found
Score Distribution
Percent of People with Each Score
Percentile by Number Answered
Your Score History
You have not taken this quiz